Önként vállalták

Elmentve itt :
Bibliográfiai részletek
Szerző: Nagy Sándor
Dokumentumtípus: Cikk
Megjelent: 1971-09-11
Sorozat:Délmagyarország 61 No. 214
Kulcsszavak:Védőnőképző
Online Access:http://dmarchiv.bibl.u-szeged.hu/118320
LEADER 00439nab a2200157 i 4500
001 delm118320
005 20190403140341.0
008 190403s1971 hu o 0|| hun d
040 |a SZTE Délmagyarország Archívum  |b hun 
041 |a hun 
100 1 |a Nagy Sándor 
245 1 0 |a Önként vállalták  |h [elektronikus dokumentum] /  |c  Nagy Sándor 
260 |c 1971-09-11 
300 |a 8 
490 0 |a Délmagyarország  |v 61 No. 214 
695 |a Védőnőképző